Ricostruisci la Carriera del Calciatore - Alexandre Song - Statistics

Statistiche generali
  • Questo quiz è stato fatto 8 volte
  • Il punteggio medio è 3 su 10
Statistiche sulle risposte
Hint Risposta % Corretto
2012-2014 Barcellona
83%
2004-2005 Bastia
67%
2003-2004 Bastia 2
50%
2005-2007 Arsenal
17%
2008-2012 Arsenal
17%
2020-2023 Arta/Solar7
17%
2016-2018 Rubin
17%
2007-2008 Charlton
0%
2018-2020 Sion
0%
2014-2016 West Ham Utd
0%
Nessun quiz corrispondente trovato
Distribuzione punteggi
Percentuale di utenti per punteggio
Percentile per numero di risposta
I tuoi punteggi nel tempo
Non hai fatto questo quiz